The Book of Common Prayer and administration of the sacraments, and other rites and ceremonies of the Church, according to the use of the Protestant Episcopal Church in the United States of America (Record no. 1471)

MARC details
000 -LEADER
fixed length control field 01920cad a2200385Ii 4500
001 - CONTROL NUMBER
control field 326836
003 - CONTROL NUMBER IDENTIFIER
control field GBCCL
005 - DATE AND TIME OF LATEST TRANSACTION
control field 20241126110402.0
006 - FIXED-LENGTH DATA ELEMENTS--ADDITIONAL MATERIAL CHARACTERISTICS
fixed length control field m o d
007 - PHYSICAL DESCRIPTION FIXED FIELD--GENERAL INFORMATION
fixed length control field cr unu||||||||
008 - FIXED-LENGTH DATA ELEMENTS--GENERAL INFORMATION
fixed length control field 030422s1876 nyu o 000 0 eng d
035 ## - SYSTEM CONTROL NUMBER
System control number (OCoLC)ocm52104158
035 ## - SYSTEM CONTROL NUMBER
System control number (OCoLC)52104158
040 ## - CATALOGING SOURCE
Original cataloging agency EYM
Transcribing agency CUS
Modifying agency OCLCQ
-- OCLCF
049 ## -
-- LBB24
082 ## - DEWEY DECIMAL CLASSIFICATION NUMBER
Classification number 264.03
Item number EPI
090 ## - LOCALLY ASSIGNED LC-TYPE CALL NUMBER (OCLC); LOCAL CALL NUMBER (RLIN)
Classification number (OCLC) (R) ; Classification number, CALL (RLIN) (NR) BX5943
Local cutter number (OCLC) ; Book number/undivided call number, CALL (RLIN) .A1 1876
110 2# - MAIN ENTRY--CORPORATE NAME
Corporate name or jurisdiction name as entry element Episcopal Church.
9 (RLIN) 2934
240 10 -
-- Book of Common Prayer (1790)
245 14 - TITLE STATEMENT
Title The Book of Common Prayer and administration of the sacraments, and other rites and ceremonies of the Church, according to the use of the Protestant Episcopal Church in the United States of America
Remainder of title together with the Psalter, or Psalms of David.
260 ## - PUBLICATION, DISTRIBUTION, ETC.
Place of publication, distribution, etc. New-York :
Name of publisher, distributor, etc. The Seabury Press,
Date of publication, distribution, etc. 1979.
300 ## - PHYSICAL DESCRIPTION
Extent 1001 p. ;
Dimensions 23 cm.
533 ## -
-- Electronic text and image data.
-- Ann Arbor, Mich. :
-- University of Michigan, Digital Library Initiatives,
-- 2000.
-- Includes both TIFF files and keyword searchable text.
-- [Making of America]
-- This volume is made possible by a grant from the Andrew W. Mellon Foundation as part of Making of America IV: the American voice, 1850-1877.
590 ## - LOCAL NOTE (RLIN)
Local note Free Access Content
Provenance (VM) [OBSOLETE] Internet Archive - Text Archive
610 20 - SUBJECT ADDED ENTRY--CORPORATE NAME
Corporate name or jurisdiction name as entry element Episcopal Church
General subdivision Liturgy
Form subdivision Texts.
9 (RLIN) 2935
610 20 - SUBJECT ADDED ENTRY--CORPORATE NAME
Corporate name or jurisdiction name as entry element Episcopal Church
Form subdivision Prayer-books and devotions.
9 (RLIN) 2936
610 27 - SUBJECT ADDED ENTRY--CORPORATE NAME
Corporate name or jurisdiction name as entry element Episcopal Church.
Source of heading or term fast
Authority record control number or standard number (OCoLC)fst00533119
9 (RLIN) 2934
650 #7 - SUBJECT ADDED ENTRY--TOPICAL TERM
Topical term or geographic name entry element Liturgics.
Source of heading or term fast
Authority record control number or standard number (OCoLC)fst01000579
9 (RLIN) 2937
655 #7 - INDEX TERM--GENRE/FORM
Genre/form data or focus term Prayers.
Source of term fast
Authority record control number or standard number (OCoLC)fst01423909
9 (RLIN) 2938
655 #7 - INDEX TERM--GENRE/FORM
Genre/form data or focus term Texts.
Source of term fast
Authority record control number or standard number (OCoLC)fst01423705
9 (RLIN) 2939
773 0# - HOST ITEM ENTRY
Title Making of America.
Note URL: http://moa.umdl.umich.edu
830 #0 -
-- Making of America.
-- 2940
856 40 - ELECTRONIC LOCATION AND ACCESS
Uniform Resource Identifier <a href="http://www.archive.org/details/bookcommonpraye00projgoog">http://www.archive.org/details/bookcommonpraye00projgoog</a>
Materials specified Full text available from Internet Archive
Public note LBC Link to Full Text; Click for Access
942 ## - ADDED ENTRY ELEMENTS (KOHA)
Source of classification or shelving scheme Dewey Decimal Classification
Koha item type Books
Holdings
Withdrawn status Lost status Source of classification or shelving scheme Damaged status Not for loan Home library Current Library Shelving location Date acquired Total checkouts Full call number Barcode Date last seen Copy number Price effective from Koha item type
    Dewey Decimal Classification     GRACE BIBLE COLLEGE GRACE BIBLE COLLEGE Ministry & Mission 2017-05-02   264.03 EPI 008303 2025-05-01 c.1 2017-05-02 Books
© Grace Bible College Library 2025